|
|
|
|
| LEADER |
00000cam a22000004a 4500 |
| 001 |
musev2_102430 |
| 003 |
MdBmJHUP |
| 005 |
20230905053724.0 |
| 006 |
m o d |
| 007 |
cr||||||||nn|n |
| 008 |
220518s2022 vau o 00 0 eng d |
| 010 |
|
|
|z 2022019668
|
| 020 |
|
|
|a 9780813947822
|
| 020 |
|
|
|z 9780813947815
|
| 035 |
|
|
|a (OCoLC)1329430703
|
| 040 |
|
|
|a MdBmJHUP
|c MdBmJHUP
|
| 100 |
1 |
|
|a Luck, Patrick,
|e author.
|
| 245 |
1 |
0 |
|a Replanting a Slave Society :
|b The Sugar and Cotton Revolutions in the Lower Mississippi Valley /
|c Patrick Luck.
|
| 264 |
|
1 |
|a Charlottesville :
|b University of Virginia Press,
|c 2022.
|
| 264 |
|
3 |
|a Baltimore, Md. :
|b Project MUSE,
|c 2022
|
| 264 |
|
4 |
|c ©2022.
|
| 300 |
|
|
|a 1 online resource (256 pages).
|
| 336 |
|
|
|a text
|b txt
|2 rdacontent
|
| 337 |
|
|
|a computer
|b c
|2 rdamedia
|
| 338 |
|
|
|a online resource
|b cr
|2 rdacarrier
|
| 490 |
0 |
|
|a Jeffersonian America
|
| 505 |
0 |
|
|a The crisis of the 1790s -- Making the cotton revolution -- Making the sugar revolution -- Remaking the slave trades -- Enslavers triumphant -- A slave society replanted.
|
| 520 |
|
|
|a "This book discusses how new technology led to economic transformation and the rapid expansion of slavery in the lower Mississippi valley after 1800"--
|c Provided by publisher.
|
| 588 |
|
|
|a Description based on print version record.
|
| 650 |
|
7 |
|a Sugarcane industry.
|2 fast
|0 (OCoLC)fst01137522
|
| 650 |
|
7 |
|a Slavery.
|2 fast
|0 (OCoLC)fst01120426
|
| 650 |
|
7 |
|a Cotton manufacture.
|2 fast
|0 (OCoLC)fst00881013
|
| 650 |
|
7 |
|a Cotton growing.
|2 fast
|0 (OCoLC)fst00880982
|
| 650 |
|
7 |
|a Agricultural innovations.
|2 fast
|0 (OCoLC)fst00800915
|
| 650 |
|
0 |
|a Agricultural innovations
|z United States
|x History.
|
| 650 |
|
0 |
|a Sugarcane industry
|z Mississippi
|x History.
|
| 650 |
|
0 |
|a Sugarcane industry
|z Louisiana
|x History.
|
| 650 |
|
0 |
|a Cotton growing
|z Mississippi
|x History.
|
| 650 |
|
0 |
|a Cotton growing
|z Louisiana
|x History.
|
| 650 |
|
0 |
|a Cotton manufacture
|z Mississippi
|x History.
|
| 650 |
|
0 |
|a Cotton manufacture
|z Louisiana
|x History.
|
| 650 |
|
0 |
|a Slavery
|z Mississippi
|x History
|y 19th century.
|
| 650 |
|
0 |
|a Slavery
|z Mississippi
|x History
|y 18th century.
|
| 650 |
|
0 |
|a Slavery
|z Louisiana
|x History
|y 19th century.
|
| 650 |
|
0 |
|a Slavery
|z Louisiana
|x History
|y 18th century.
|
| 651 |
|
7 |
|a United States.
|2 fast
|0 (OCoLC)fst01204155
|
| 651 |
|
7 |
|a Mississippi.
|2 fast
|0 (OCoLC)fst01207034
|
| 651 |
|
7 |
|a Louisiana.
|2 fast
|0 (OCoLC)fst01207035
|
| 655 |
|
7 |
|a History.
|2 fast
|0 (OCoLC)fst01411628
|
| 655 |
|
7 |
|a Electronic books.
|2 local
|
| 710 |
2 |
|
|a Project Muse.
|e distributor
|
| 830 |
|
0 |
|a Book collections on Project MUSE.
|
| 856 |
4 |
0 |
|z Texto completo
|u https://projectmuse.uam.elogim.com/book/102430/
|
| 945 |
|
|
|a Project MUSE - Custom Collection
|
| 945 |
|
|
|a Project MUSE - 2022 US Regional Studies, South
|
| 945 |
|
|
|a Project MUSE - 2022 Complete
|